| 000 | 01183nam a2200205 i 4500 | ||
|---|---|---|---|
| 001 | 48336 | ||
| 003 | ES-MaACL | ||
| 005 | 20230906161733.0 | ||
| 007 | t| | ||
| 008 | 950714m18771913fr ||||1| fre d | ||
| 040 |
_aCAM _bspa _cCAM |
||
| 245 | 0 | 0 |
_aDictionnaire des Antiquités grecques et romaines _b: d'après les textes et les monuments, contenant l'explication des termes qui se rapportent aux moeurs, aux institutions, à la religion, aux arts, aux sciences, au costume, au mobilier, à la guerre, à la marine, aux métiers, aux monnaies, poids et mesures, etc., etc. et en général à la vie publique et privée des anciens / _couvrage rédigé par une société d'écrivains spéciaux, d'archéologues et de professuers sous la direction de MM. Ch. Daremberg et Edm. Saglio. |
| 260 |
_aParis : _bLibrairie Hachette et Cie., _c1877-1913 ( _eCorbeil : _fCrété et fils) |
||
| 300 |
_a10 v. : _bil. ; _c32 cm. |
||
| 650 | 4 |
_aRestos arqueológicos griegos- _vDiccionarios. _9159369 |
|
| 650 | 4 |
_aRestos arqueológicos romanos- _vDiccionarios. _9159370 |
|
| 700 | 1 |
_aSaglio, Edmond. _9101440 |
|
| 700 | 1 |
_aDaremberg, Charles ( _d1817-1872) _9165449 |
|
| 852 |
_aES-MaACL _jB-821-30 |
||
| 999 |
_c48336 _d48336 |
||